000 00620nam a2200217Ia 4500
003 OSt
005 20251204120915.0
008 220917b |||||||| |||| 00| 0 eng d
037 _cTB
040 _aARTS
_cARTS
_beng
041 _2eng
_aeng
084 _aQ8441vN8 L9;M8
_qAL
100 _aGopal Singh
_954243
245 0 _aHistory of the Sikh People
_b 1469-1988
260 _aNew Delhi:
_bWorld Book Centre India;
_c1988.
300 _a860p.
_ccm.
500 _aIncludes index
650 _aRELIGION
_9854518
942 _hQ8441v2.N88<-I69, M8
_cTB
_2CC
_n0
999 _c157857
_d157857